[Event "Stay Safe Play From Home 318"]
[Site "Emanuel Lasker Arena"]
[Date "2020.07.20"]
[Round "7"]
[White "Dukic"]
[Black "Weltszmerc"]
[Result "0-1"]
[WhiteElo "1891"]
[BlackElo "2065"]
[Annotator "TA"]
[PlyCount "84"]
[EventDate "2020.07.20"]
[EventType "swiss (blitz)"]

{[%evp 13,84,13,13,0,0,0,0,-6,-10,-55,-38,-62,-63,-63,-42,-162,-72,-105,-21,-14,-16,-89,-82,-122,-93,-94,-75,-79,-68,-132,-136,-110,-108,-205,-182,-399,-387,-400,-381,-399,-389,-392,-391,-387,-379,-376,-384,-484,-455,-968,-985,-958,-939,-871,-827,-803,-554,-938,-749,-1607,-432,-1032,-433,-433,-414,-424,-403,-470,-477,-579,-562,-535,-330]} 1. d4 Nf6 2. c4 b6 3. Nc3 Bb7 4. f3 d5 5. cxd5 Nxd5 6. e4 Nxc3 7. bxc3 e6 8. Bd3 {A50: Queen's Fianchetto Defence (1 d4 Nf6 2 c4 b6).} Be7 9. Ne2 O-O {[#]} 10. Qc2 $146 {The position is equal.} ({Predecessor:} 10. O-O c5 11. Be3 cxd4 12. cxd4 Nc6 13. Rc1 Rc8 14. Qd2 Qd7 15. Rfd1 Rfd8 16. f4 {0-1 (32) Vyazov,V (2116)-Odnorozhenko,E (2307) Krasnograd 2018}) 10... c5 11. e5 h6 12. O-O cxd4 13. cxd4 Nc6 14. Qb2 {[#]} (14. Be3 $15) 14... Rc8 (14... Nxe5 $1 $19 {[%mdl 512] and Black stays clearly on top.} 15. Be4 (15. dxe5 Qxd3) 15... Nc4) 15. Be4 Na5 ({Black should play} 15... Ba6 $17 {And now ...Bxe2 would win.} 16. Be3 Bxe2 17. Qxe2 Nxd4) 16. Bxb7 $11 Nxb7 17. Ng3 (17. Bd2 $11 {keeps the balance.}) 17... Na5 $17 {Black continues to play with concentration.} 18. Ne4 Qd5 19. Rd1 Rc4 20. Be3 Rfc8 {Threatens to win with ...Rc2.} 21. Qf2 (21. Rac1 $15) 21... Rc2 22. Qg3 {[#] Bxh6 is the strong threat.} Kf8 23. Rd2 (23. Qe1 $17 {is a better defense.}) 23... Rc1+ 24. Rxc1 $2 (24. Rd1 Rxd1+ 25. Rxd1) 24... Rxc1+ $19 25. Kf2 Nc4 26. Re2 Nxe3 27. Kxe3 Rd1 28. Rd2 Rxd2 29. Nxd2 Qxa2 30. f4 Bb4 31. Ne4 (31. Nf1 $142 Qb3+ 32. Ke4 Qc2+ 33. Ke3) 31... Qb3+ 32. Ke2 Qc2+ 33. Ke3 Qc1+ 34. Kd3 a5 35. Qf3 b5 36. Qe2 Qc4+ 37. Ke3 Qxe2+ (37... a4 $142 38. Qd1 a3) 38. Kxe2 a4 {[%cal Ba5a4,Ba4a3][%mdl 32] aiming for ...a3.} 39. Kd3 Ke7 40. g4 g6 {Black is clearly winning.} 41. h4 Be1 42. h5 a3 {Accuracy: White = 45%, Black = 69%.} 0-1

[Event "Stay Safe Play From Home 318"]
[Site "Emanuel Lasker Arena"]
[Date "2020.07.20"]
[Round "7"]
[White "Haris kollari 13"]
[Black "Declan 1234"]
[Result "1-0"]
[WhiteElo "1816"]
[BlackElo "1377"]
[Annotator "NA RC"]
[PlyCount "57"]
[EventDate "2020.07.20"]
[EventType "swiss (blitz)"]

1. e4 {[%emt 0:00:01]} d6 {[%emt 0:00:03]} 2. f4 {[%emt 0:00:01]} Nf6 {[%emt 0:00:02]} 3. Nc3 {[%emt 0:00:02]} Bg4 {[%emt 0:00:03]} 4. Nf3 {[%emt 0:00:02]} Nc6 {[%emt 0:00:05]} 5. d4 {[%emt 0:00:04]} e5 {[%emt 0:00:12]} 6. d5 {[%emt 0:00:02]} Ne7 {[%emt 0:00:04]} 7. fxe5 {[%emt 0:00:03]} dxe5 {[%emt 0:00:03]} 8. h3 {[%emt 0:00:02]} Bxf3 {[%emt 0:00:06]} 9. gxf3 {[%emt 0:00:01]} g6 {[%emt 0:00:06]} 10. Bg5 {[%emt 0:00:01]} Bg7 {[%emt 0:00:01]} 11. Qd3 {[%emt 0:00:01]} O-O {[%emt 0:00:02]} 12. O-O-O {[%emt 0:00:01]} h6 {[%emt 0:00:02]} 13. Be3 {[%emt 0:00:05]} c6 {[%emt 0:00:10]} 14. d6 {[%emt 0:00:01]} Nc8 {[%emt 0:00:05]} 15. Kb1 {[%emt 0:00:03]} Nb6 {[%emt 0:00:07]} 16. Be2 {[%emt 0:00:05]} Qd7 {[%emt 0:00:15]} 17. h4 {[%emt 0:00:02]} Rfd8 {[%emt 0:00:11]} 18. Qd2 {[%emt 0:00:13]} Ne8 {[%emt 0:00:06]} 19. Bxh6 {[%emt 0:00:12]} Nc8 {[%emt 0:00:21]} 20. Bxg7 {[%emt 0:00:02]} Nxg7 {[%emt 0:00:04]} 21. h5 {[%emt 0:00:01]} Nxh5 {[%emt 0:00:07]} 22. Qg5 {[%emt 0:00:01]} Qe6 {[%emt 0:00:05]} 23. Rxh5 {[%emt 0:00:03]} Rxd6 {[%emt 0:00:15]} 24. Rxd6 {[%emt 0:00:02]} Qxd6 {[%emt 0:00:02]} 25. Rh1 {[%emt 0:00:01]} Ne7 {[%emt 0:00:11]} 26. f4 {[%emt 0:00:07]} exf4 {[%emt 0:00:03]} 27. Qh6 {[%emt 0:00:03]} Qe5 {[%emt 0:00:04]} 28. Qh7+ {[%emt 0:00:08]} Kf8 {[%emt 0:00:03]} 29. Bg4 {[%emt 0:00:04] Zeit (Lag: Av=0.83s, max=1.0s)} 1-0

[Event "Stay Safe Play From Home 318"]
[Site "Emanuel Lasker Arena"]
[Date "2020.07.20"]
[Round "7"]
[White "Roefe Detlef"]
[Black "TheCHESSHOUSE"]
[Result "1-0"]
[WhiteElo "1687"]
[BlackElo "2038"]
[Annotator "TA"]
[PlyCount "73"]
[EventDate "2020.07.20"]
[EventType "swiss (blitz)"]

{[%evp 20,73,20,6,43,33,73,37,47,-69,-50,-78,-58,-60,-71,-78,-64,-79,-92,-109,-89,-101,-48,-53,-69,-85,-71,-97,-59,-78,-27,-119,-37,-31,-19,-24,0,0,137,-12,145,139,137,145,387,362,29993,29994,29994,29995,29995,29996,29997,29997,29997,1577]} 1. e4 c5 2. Nf3 d6 3. d4 cxd4 4. Nxd4 Nf6 5. Nc3 g6 6. g3 Bg7 7. Bg2 O-O 8. h3 Nc6 9. Be3 Bd7 10. O-O Rc8 11. Qd2 Ne5 {B70: Sicilian Dragon: 6 g3 and 6 Be2 (without a later Be3).} 12. b3 a6 13. f4 Nc6 {[#] White is slightly better.} 14. Nce2 $146 ({White should play} 14. Nde2 $14) ({Predecessor:} 14. a4 Qc7 15. Nde2 Nb4 16. Rad1 Rfd8 17. Kh2 Nh5 18. g4 Bxc3 19. Qxc3 Qxc3 20. Nxc3 Rxc3 {0-1 (50) Bokuchava,M-Robles Garcia,C Oropesa del Mar 2001}) 14... e5 $15 15. fxe5 $1 dxe5 16. Nxc6 Bxc6 17. Qxd8 Rfxd8 18. Bg5 Rd6 19. Bxf6 Rxf6 20. Rad1 Re6 (20... b5 $17 21. b4 Rxf1+ 22. Kxf1 f6) 21. c4 b5 22. Nc3 bxc4 23. bxc4 Bf8 24. Nd5 Ba4 (24... Be8 $17 25. Rb1 Kg7) 25. Rc1 (25. Rb1 $11) 25... Ba3 (25... Rec6 $17 26. Rb1 Rxc4) 26. Rb1 Rxc4 {next ...Bb5 is good for Black.} 27. Rb7 Bc5+ 28. Kh1 Ba3 (28... Bc6 $11 29. Rbxf7 Bd6) 29. Ra7 ({Of course not} 29. Rbxf7 $6 Rc2 $11) (29. Rfxf7 $16 {Hoping for Rg7+.} Bf8 30. Nf6+ (30. Rxh7 Bc6 $14) 30... Rxf6 31. Rxf6) 29... Bb5 $2 {[#]} ({Black should try} 29... Rc1 $11) 30. Rfxf7 $16 {And now Rg7+ would win.} Rc1+ 31. Kh2 Bc5 $2 {A mistake that costs the game.} (31... Bf8 $16) 32. Rg7+ $18 Kf8 $2 (32... Kh8 $18 33. Rxh7+ Kg8 34. Rag7+ Kf8) 33. Raf7+ {White mates.} Ke8 34. Nc7+ {[%mdl 64] [#] Double Attack} Kd8 35. Nxe6+ Kc8 36. Rc7+ Kb8 37. Rxc5 {Accuracy: White = 64%, Black = 29%.} (37. Rg8+ $142 Bf8 38. Rxf8+ Be8 39. Rxe8#) 1-0

[Event "Stay Safe Play From Home 318"]
[Site "Emanuel Lasker Arena"]
[Date "2020.07.20"]
[Round "7"]
[White "Klasman"]
[Black "NTBT_DHS"]
[Result "0-1"]
[WhiteElo "1481"]
[BlackElo "1984"]
[Annotator "TA"]
[PlyCount "56"]
[EventDate "2020.07.20"]
[EventType "swiss (blitz)"]

{[%evp 9,56,-13,-7,-10,-8,-24,-16,-31,-36,-37,-28,-64,-64,-61,-74,-165,-155,-186,-164,-151,-97,-87,-85,-74,-26,-118,-41,-106,-84,-164,-135,-171,-152,-134,-109,-102,-105,-109,-109,-111,-106,-177,-176,-182,-184,-184,-149,-149,-149]} 1. f4 d5 2. Nf3 Nf6 3. e3 c5 4. c4 Nc6 5. cxd5 Nxd5 6. Nc3 {A03: Bird's Opening with 1...d5.} e6 {[#]} 7. Bc4 $146 ({Predecessor:} 7. Be2 Be7 8. O-O O-O 9. d3 b6 10. a3 Bb7 11. Qc2 Rc8 12. Bd2 Qd7 13. Rad1 Rfd8 14. Bc1 Nd4 15. Qb1 Nxc3 {0-1 (15) Khudyakov,A (2204)-Podgursky,S (2314) Alushta 2006}) 7... a6 8. d4 {The position is equal.} cxd4 9. Bxd5 exd5 10. Nxd4 Bc5 11. O-O O-O 12. Qh5 (12. Nf3 $17) 12... Nxd4 $19 13. exd4 Bxd4+ 14. Kh1 f5 ({Black should try} 14... Re8 15. Bd2 Bd7 16. Qxd5 Bc6 17. Qxd8 Raxd8) 15. Rd1 Bxc3 16. bxc3 Be6 17. Ba3 (17. Be3 $11 {remains equal.}) 17... Rf6 (17... Re8 $17 18. Bc5 Qc7 {[%mdl 64] Double Attack}) 18. Rab1 (18. Bc5 $15) 18... Qc7 19. Rd3 (19. Qe2 $17) 19... Qxf4 {[#] Hoping for ...Rh6.} 20. Be7 Rh6 21. Bg5 Rxh5 {[%csl Gh5][%cal Rf4h2]} 22. Bxf4 b5 23. Re1 Kf7 24. Rde3 Re8 25. Be5 (25. R3e2 $17) 25... Rh4 {Black is clearly better.} 26. g3 Ra4 27. R1e2 g5 28. Bd4 Rc4 {Accuracy: White = 54%, Black = 70%.} 0-1

[Event "Stay Safe Play From Home 318"]
[Site "Emanuel Lasker Arena"]
[Date "2020.07.20"]
[Round "8"]
[White "Weltszmerc"]
[Black "NTBT_DHS"]
[Result "0-1"]
[WhiteElo "2074"]
[BlackElo "1991"]
[Annotator "RC"]
[PlyCount "102"]
[EventDate "2020.07.20"]
[EventType "swiss (blitz)"]

1. d4 {[%emt 0:00:02]} Nf6 {[%emt 0:00:01]} 2. c4 {[%emt 0:00:01]} g6 {[%emt 0:00:00]} 3. Nc3 {[%emt 0:00:01]} Bg7 {[%emt 0:00:01]} 4. e4 {[%emt 0:00:01]} O-O {[%emt 0:00:00]} 5. f3 {[%emt 0:00:00]} d6 {[%emt 0:00:00]} 6. Nge2 {[%emt 0:00:00]} c5 {[%emt 0:00:00]} 7. Be3 {[%emt 0:00:02]} Nc6 {[%emt 0:00:03]} 8. Qd2 {[%emt 0:00:02]} Qa5 {[%emt 0:00:02]} 9. d5 {[%emt 0:00:01]} Ne5 {[%emt 0:00:01]} 10. Nc1 {[%emt 0:00:01]} e6 {[%emt 0:00:00]} 11. Be2 {[%emt 0:00:02]} exd5 {[%emt 0:00:01]} 12. cxd5 {[%emt 0:00:00]} a6 {[%emt 0:00:01]} 13. Nb1 {[%emt 0:00:12]} Qc7 {[%emt 0:00:04]} 14. a4 {[%emt 0:00:02]} Bd7 {[%emt 0:00:05]} 15. a5 {[%emt 0:00:01]} Bb5 {[%emt 0:00:03]} 16. O-O {[%emt 0:00:09]} Rfe8 {[%emt 0:00:03]} 17. Na3 {[%emt 0:00:06]} Bxe2 {[%emt 0:00:04]} 18. Nxe2 {[%emt 0:00:01]} b5 {[%emt 0:00:22]} 19. axb6 {[%emt 0:00:02]} Qxb6 {[%emt 0:00:01]} 20. Rab1 {[%emt 0:00:08]} Rab8 {[%emt 0:00:06]} 21. Rfc1 {[%emt 0:00:04]} Re7 {[%emt 0:00:10]} 22. b3 {[%emt 0:00:07]} Qd8 {[%emt 0:00:13]} 23. Nc4 {[%emt 0:00:01]} Ne8 {[%emt 0:00:03]} 24. Bg5 {[%emt 0:00:03]} f6 {[%emt 0:00:01]} 25. Nxe5 {[%emt 0:00:04]} Rxe5 {[%emt 0:00:03]} 26. Bf4 {[%emt 0:00:01]} Re7 {[%emt 0:00:01]} 27. Qd3 {[%emt 0:00:17]} Qb6 {[%emt 0:00:07]} 28. Rc4 {[%emt 0:00:05]} Nc7 {[%emt 0:00:05]} 29. Ra4 {[%emt 0:00:04]} c4+ {[%emt 0:00:06]} 30. Qe3 {[%emt 0:00:05]} Qxe3+ {[%emt 0:00:03]} 31. Bxe3 {[%emt 0:00:00]} Nxd5 {[%emt 0:00:00]} 32. exd5 {[%emt 0:00:36]} Rxe3 {[%emt 0:00:00]} 33. Nd4 {[%emt 0:00:05]} cxb3 {[%emt 0:00:08]} 34. Kf2 {[%emt 0:00:03]} Rd3 {[%emt 0:00:01]} 35. Ke2 {[%emt 0:00:05]} Rc3 {[%emt 0:00:02]} 36. Kd2 {[%emt 0:00:02]} Rc5 {[%emt 0:00:01]} 37. Rxb3 {[%emt 0:00:03]} Rxb3 {[%emt 0:00:03]} 38. Nxb3 {[%emt 0:00:00]} Rxd5+ {[%emt 0:00:00]} 39. Ke3 {[%emt 0:00:01]} Rb5 {[%emt 0:00:03]} 40. Nd4 {[%emt 0:00:05]} Rb6 {[%emt 0:00:01]} 41. Ne6 {[%emt 0:00:03]} f5 {[%emt 0:00:06]} 42. Nxg7 {[%emt 0:00:01]} Kxg7 {[%emt 0:00:01]} 43. Kd4 {[%emt 0:00:00]} Kf6 {[%emt 0:00:03]} 44. Kd5 {[%emt 0:00:01]} Rb2 {[%emt 0:00:02]} 45. g3 {[%emt 0:00:02]} Rd2+ {[%emt 0:00:04]} 46. Kc6 {[%emt 0:00:01]} Rxh2 {[%emt 0:00:01]} 47. Kxd6 {[%emt 0:00:00]} Rg2 {[%emt 0:00:04]} 48. g4 {[%emt 0:00:00]} fxg4 {[%emt 0:00:01]} 49. fxg4 {[%emt 0:00:00]} Kg5 {[%emt 0:00:00]} 50. Ke6 {[%emt 0:00:01]} Rxg4 {[%emt 0:00:01]} 51. Kf7 {[%emt 0:00:00]} Rxa4 {[%emt 0:00:01] Weltszmerc poddaje się (Lag: Av=0.70s, max=1.1s)} 0-1

[Event "Stay Safe Play From Home 318"]
[Site "Emanuel Lasker Arena"]
[Date "2020.07.20"]
[Round "8"]
[White "Dukic"]
[Black "Haris kollari 13"]
[Result "0-1"]
[WhiteElo "1882"]
[BlackElo "1819"]
[Annotator "NA RC"]
[PlyCount "68"]
[EventDate "2020.07.20"]
[EventType "swiss (blitz)"]

1. c4 {[%emt 0:00:04]} e5 {[%emt 0:00:01]} 2. Nc3 {[%emt 0:00:01]} f5 {[%emt 0:00:06]} 3. g3 {[%emt 0:00:01]} Nf6 {[%emt 0:00:01]} 4. Nf3 {[%emt 0:00:02]} d6 {[%emt 0:00:01]} 5. d4 {[%emt 0:00:02]} e4 {[%emt 0:00:02]} 6. Ng5 {[%emt 0:00:01]} h6 {[%emt 0:00:02]} 7. Nh3 {[%emt 0:00:01]} Be7 {[%emt 0:00:01]} 8. Nf4 {[%emt 0:00:02]} g5 {[%emt 0:00:05]} 9. Ng6 {[%emt 0:00:01]} Rg8 {[%emt 0:00:02]} 10. Nxe7 {[%emt 0:00:01]} Qxe7 {[%emt 0:00:01]} 11. h4 {[%emt 0:00:02]} Be6 {[%emt 0:00:06]} 12. d5 {[%emt 0:00:02]} Bf7 {[%emt 0:00:02]} 13. hxg5 {[%emt 0:00:01]} hxg5 {[%emt 0:00:01]} 14. Be3 {[%emt 0:00:11]} Nbd7 {[%emt 0:00:02]} 15. Bd4 {[%emt 0:00:01]} O-O-O {[%emt 0:00:02]} 16. Qa4 {[%emt 0:00:02]} b6 {[%emt 0:00:06]} 17. Qxa7 {[%emt 0:00:02]} Nb8 {[%emt 0:00:03]} 18. Bxb6 {[%emt 0:00:07]} f4 {[%emt 0:00:14]} 19. gxf4 {[%emt 0:00:09]} gxf4 {[%emt 0:00:01]} 20. Bh3+ {[%emt 0:00:03]} Ng4 {[%emt 0:00:07]} 21. O-O-O {[%emt 0:00:08]} Rd7 {[%emt 0:00:14]} 22. Bd4 {[%emt 0:00:35]} c5 {[%emt 0:00:02]} 23. Qa4 {[%emt 0:00:20]} cxd4 {[%emt 0:00:02]} 24. Rxd4 {[%emt 0:00:09]} Ra7 {[%emt 0:00:10]} 25. Rxe4 {[%emt 0:00:09]} Qc7 {[%emt 0:00:14]} 26. Qc2 {[%emt 0:00:06]} Nd7 {[%emt 0:00:04]} 27. Rxf4 {[%emt 0:00:08]} Nge5 {[%emt 0:00:08]} 28. Nb5 {[%emt 0:00:07]} Qb6 {[%emt 0:00:07]} 29. Nxa7+ {[%emt 0:00:04]} Qxa7 {[%emt 0:00:01]} 30. a3 {[%emt 0:00:08]} Kc7 {[%emt 0:00:01]} 31. Qc3 {[%emt 0:00:02]} Rh8 {[%emt 0:00:05]} 32. b4 {[%emt 0:00:02]} Rh6 {[%emt 0:00:09]} 33. Bg2 {[%emt 0:00:04]} Rxh1+ {[%emt 0:00:02]} 34. Bxh1 {[%emt 0:00:01]} Bg6 {[%emt 0:00:01] Zeit (Lag: Av=0.40s, max=0.9s)} 0-1

[Event "Stay Safe Play From Home 318"]
[Site "Emanuel Lasker Arena"]
[Date "2020.07.20"]
[Round "8"]
[White "Roefe Detlef"]
[Black "Klausen"]
[Result "0-1"]
[WhiteElo "1717"]
[BlackElo "2054"]
[Annotator "TA"]
[PlyCount "94"]
[EventDate "2020.07.20"]
[EventType "swiss (blitz)"]

{[%evp 9,94,-1,18,-8,-7,-20,-25,-30,6,-20,16,0,0,0,10,-10,0,2,24,16,16,16,17,25,29,-37,-36,-258,-266,-271,-272,-266,-266,-285,-220,-287,-261,-315,-305,-310,-314,-314,-327,-335,-320,-339,-354,-325,-318,-351,-341,-370,-302,-299,-294,-370,-373,-361,-361,-421,-403,-1610,-1500,-6091,-5762,-5506,-5435,-29969,-29971,-29971,-29972,-29983,-29984,-29984,-29985,-29985,-29986,-29987,-29987,-29987,-29988,-29990,-29991,-29993,-29994,-29996,-29995]} 1. e4 g6 2. Nf3 Bg7 3. Bc4 e6 4. O-O Ne7 5. d3 O-O {[#]} 6. a4 $146 {B06: Modern Defence.} ({Predecessor:} 6. Nc3 c6 7. Ng5 d5 8. Bb3 b6 9. Qg4 h6 10. Nf3 Nd7 11. Qh4 g5 12. Bxg5 hxg5 13. Nxg5 {0-1 (32) Babajic,I-Hasanovic,M (1833) Lukavac 2019}) 6... d5 7. exd5 exd5 8. Bb3 {Black has an edge.} c6 9. h3 Nf5 10. c3 Na6 {[%cal Bb8a6,Ba6c7,Bc7e6,Be6f4][%mdl 32]} 11. d4 Nc7 12. Bf4 Ne6 13. Bh2 Nh4 14. Nxh4 Qxh4 15. Nd2 Nf4 16. Nf3 Qf6 17. Qd2 (17. a5 $11) 17... Nxh3+ $40 {[%mdl 192] [#] Deflection. Black attacks.} 18. gxh3 $2 {Now White is beyond hope.} (18. Kh1 $15) 18... Qxf3 $19 19. Qe3 Qxe3 ({Much less strong is} 19... Qxh3 20. Rfe1 $19) 20. fxe3 Bxh3 21. Rf2 Bf5 22. Re1 Rfe8 23. Bg3 Bh6 24. Bf4 Bxf4 25. Rxf4 Re7 26. Kf2 Rae8 27. c4 dxc4 28. Bxc4 Be6 29. Bd3 f5 30. e4 fxe4 31. Rfxe4 Kf7 32. b4 Bf5 33. Rxe7+ Rxe7 {[%mdl 4096] Endgame KRB-KRB} 34. Bc4+ Kf6 35. d5 (35. Rc1 $142) 35... Rxe1 36. Kxe1 cxd5 37. Bxd5 {KB-KB} b6 38. Kf2 Ke5 {Black mates.} 39. Bg8 h5 40. Kg3 g5 41. Bf7 h4+ 42. Kf2 g4 43. a5 Kf4 44. axb6 axb6 45. Bh5 g3+ 46. Kg1 h3 47. Be2 Be4 {Accuracy: White = 54%, Black = 90%.} 0-1

[Event "Stay Safe Play From Home 318"]
[Site "Emanuel Lasker Arena"]
[Date "2020.07.20"]
[Round "8"]
[White "Möwe"]
[Black "TheCHESSHOUSE"]
[Result "0-1"]
[WhiteElo "1643"]
[BlackElo "1966"]
[Annotator "TA"]
[PlyCount "86"]
[EventDate "2020.07.20"]
[EventType "swiss (blitz)"]

{[%evp 10,86,3,9,0,5,3,-17,0,-4,1,0,0,-26,-27,-42,-16,-25,-6,-9,0,-55,-72,-111,-101,-102,-113,-253,-212,-282,-17,-161,-74,-120,-110,-197,-203,-200,216,-221,-224,-210,-216,-187,-191,-365,-318,-283,0,0,0,0,0,0,618,464,399,0,0,-23,0,-28,-29,-187,0,-118,0,0,0,-210,-215,-252,-166,-381,-380,-377,-366,-298,-208]} 1. e4 c5 2. Nf3 d6 3. Bc4 e6 4. O-O Nf6 5. d3 Nc6 6. c3 Be7 {B50: Sicilian: 2...d6, Miscellaneous.} 7. Re1 O-O 8. Bg5 a6 {The position is equal.} 9. a4 b6 {[#]} 10. Na3 $146 ({Predecessor:} 10. Qd2 Bb7 11. h3 Nd7 12. Bf4 Nde5 13. Bxe5 Nxe5 14. Nxe5 dxe5 {½-½ (14) Kroll,K-Kuhn,A Bellheim 1994}) 10... h6 11. Bxf6 Bxf6 12. Nc2 Bb7 13. d4 Na5 14. Ba2 Qc7 15. e5 (15. d5 $11) 15... dxe5 $15 16. Nxe5 cxd4 17. cxd4 Rac8 18. Rc1 (18. Re2 $17) 18... Bxe5 $1 $19 19. dxe5 Qc6 $2 ({Better is} 19... Rfd8 $19 20. Qe2 Qc6 $1 {[%mdl 512]}) 20. Qg4 {[#]} (20. Ne3 $11 {and White stays safe.} Qxc1 21. Qxc1 Rxc1 22. Rxc1) 20... Rfe8 (20... h5 $1 $19 {[%cal Rh5g4][%mdl 512] has better winning chances.} 21. Qg5 (21. Qxh5 Qxg2#) 21... Qxa4) 21. h4 h5 $1 {[%cal Rh5g4]} 22. Qg3 (22. Qg5 $17) 22... Qxa4 23. Bb1 Nc4 $4 {[%mdl 8192]} (23... Be4 $19 {[%cal Re4c2] and all is fine.} 24. b3 Nxb3 25. Rxe4 Qxe4 26. Qxb3 b5) 24. Ne3 $4 {[%mdl 8192]} (24. b3 $18 {was the only winning move.} Qd7 25. bxc4) 24... Nxe3 ({Resist} 24... Nxb2 25. Qg5 $17) 25. Rxc8 Rxc8 26. Qxe3 Qxh4 27. Qd3 $2 (27. Qxb6 {was necessary.} Bd5 28. Bd3) 27... g6 28. Qd7 Qb4 $2 (28... Rb8 $19 {Hoping for ...Qg4!} 29. Qc7 Qd8) 29. Rd1 $1 $11 Rb8 {[#]} 30. Bxg6 $1 {[%mdl 512]} Qf4 (30... fxg6 31. Qxe6+) 31. Bxh5 Bd5 $2 {[%mdl 8192]} (31... Bxg2 $11 32. Bxf7+ Qxf7 33. Kxg2 Qg6+ 34. Kf1 Rf8) 32. Qc7 Rf8 {[#] White must now prevent ...Qg5!} 33. Qc1 $2 ({White must play} 33. Rd3 $1 $18) 33... Qxe5 $40 {[%mdl 128] Black mounts an attack.} 34. Bg4 b5 35. Bh3 Kg7 36. Re1 $2 {[#]} (36. Rd3 $11) 36... Qf6 $2 (36... Rc8 $1 $19 {[%cal Rc8c1][%mdl 512]} 37. Qa1 (37. Qxc8 Qxe1+) 37... Qf4 38. b3+ Qf6) 37. Qe3 (37. Re3 $11) 37... Rh8 (37... Rc8 $17 38. Rc1 Rxc1+ 39. Qxc1 Qe5) 38. Qg3+ Qg6 {...Qxg3 is the strong threat.} 39. Qxg6+ $2 (39. Qc3+ $11 Kg8 40. Qc8+ Kh7 41. Qc3) 39... Kxg6 $19 40. Bg4 f5 41. Bf3 $2 (41. Be2 {is a better defense.}) 41... Bxf3 42. gxf3 Kf6 43. Rc1 Ra8 {Accuracy: White = 33%, Black = 53%.} 0-1

[Event "Stay Safe Play From Home 318"]
[Site "Emanuel Lasker Arena"]
[Date "2020.07.20"]
[Round "8"]
[White "Declan 1234"]
[Black "Klasman"]
[Result "1-0"]
[WhiteElo "1374"]
[BlackElo "1479"]
[Annotator "NA RC"]
[PlyCount "47"]
[EventDate "2020.07.20"]
[EventType "swiss (blitz)"]

1. e4 {[%emt 0:00:04]} f5 {[%emt 0:00:02]} 2. exf5 {[%emt 0:00:05]} Nf6 {[%emt 0:00:01]} 3. Nf3 {[%emt 0:00:05]} d5 {[%emt 0:00:01]} 4. g3 {[%emt 0:00:09]} Bxf5 {[%emt 0:00:02]} 5. Bg2 {[%emt 0:00:02]} d4 {[%emt 0:00:04]} 6. O-O {[%emt 0:00:03]} c5 {[%emt 0:00:02]} 7. d3 {[%emt 0:00:03]} Nc6 {[%emt 0:00:01]} 8. Bf4 {[%emt 0:00:05]} h6 {[%emt 0:00:03]} 9. Nbd2 {[%emt 0:00:03]} g5 {[%emt 0:00:01]} 10. Be5 {[%emt 0:00:04]} Bg7 {[%emt 0:00:09]} 11. Nb3 {[%emt 0:00:17]} g4 {[%emt 0:00:20]} 12. Nh4 {[%emt 0:00:06]} Bd7 {[%emt 0:00:36]} 13. Ng6 {[%emt 0:00:12]} Rg8 {[%emt 0:00:32]} 14. Nxc5 {[%emt 0:00:20]} Bf5 {[%emt 0:00:14]} 15. Bxf6 {[%emt 0:00:11]} Bxf6 {[%emt 0:00:15]} 16. Nf4 {[%emt 0:00:02]} Qb6 {[%emt 0:00:10]} 17. Nb3 {[%emt 0:00:05]} O-O-O {[%emt 0:00:10]} 18. a4 {[%emt 0:00:06]} e5 {[%emt 0:00:01]} 19. a5 {[%emt 0:00:05]} Nxa5 {[%emt 0:00:04]} 20. Rxa5 {[%emt 0:00:05]} exf4 {[%emt 0:00:04]} 21. gxf4 {[%emt 0:00:05]} Be6 {[%emt 0:00:05]} 22. Qa1 {[%emt 0:00:05]} Bxb3 {[%emt 0:00:01]} 23. cxb3 {[%emt 0:00:02]} Qxb3 {[%emt 0:00:02]} 24. Rxa7 {[%emt 0:00:02] Time (Lag: Av=0.80s, max=1.0s)} 1-0

[Event "Stay Safe Play From Home 318"]
[Site "Emanuel Lasker Arena"]
[Date "2020.07.20"]
[Round "9"]
[White "NTBT_DHS"]
[Black "Declan 1234"]
[Result "1-0"]
[WhiteElo "2062"]
[BlackElo "1396"]
[Annotator "NA RC"]
[PlyCount "57"]
[EventDate "2020.07.20"]
[EventType "swiss (blitz)"]

1. e4 {[%emt 0:00:06]} d6 {[%emt 0:00:03]} 2. Nf3 {[%emt 0:00:00]} Nf6 {[%emt 0:00:02]} 3. Nc3 {[%emt 0:00:01]} g6 {[%emt 0:00:01]} 4. d4 {[%emt 0:00:01]} Bg7 {[%emt 0:00:01]} 5. Bg5 {[%emt 0:00:02]} O-O {[%emt 0:00:01]} 6. e5 {[%emt 0:00:00]} dxe5 {[%emt 0:00:02]} 7. dxe5 {[%emt 0:00:00]} Ng4 {[%emt 0:00:06]} 8. Qxd8 {[%emt 0:00:03]} Rxd8 {[%emt 0:00:03]} 9. Bxe7 {[%emt 0:00:11]} Re8 {[%emt 0:00:01]} 10. Ba3 {[%emt 0:00:11]} Nxe5 {[%emt 0:00:05]} 11. O-O-O {[%emt 0:00:07]} Nxf3 {[%emt 0:00:05]} 12. gxf3 {[%emt 0:00:00]} Bf5 {[%emt 0:00:04]} 13. Nd5 {[%emt 0:00:05]} Na6 {[%emt 0:00:36]} 14. Ne7+ {[%emt 0:00:07]} Kh8 {[%emt 0:00:16]} 15. Nxf5 {[%emt 0:00:01]} gxf5 {[%emt 0:00:02]} 16. Bc4 {[%emt 0:00:04]} Red8 {[%emt 0:00:26]} 17. Bxf7 {[%emt 0:00:03]} Rxd1+ {[%emt 0:00:05]} 18. Rxd1 {[%emt 0:00:00]} Be5 {[%emt 0:00:07]} 19. Rd7 {[%emt 0:00:07]} Bxh2 {[%emt 0:00:03]} 20. Be6 {[%emt 0:00:10]} Bf4+ {[%emt 0:00:04]} 21. Kd1 {[%emt 0:00:02]} Re8 {[%emt 0:00:06]} 22. Bxf5 {[%emt 0:00:02]} Rf8 {[%emt 0:00:05]} 23. Be4 {[%emt 0:00:03]} c5 {[%emt 0:00:14]} 24. Rxh7+ {[%emt 0:00:08]} Kg8 {[%emt 0:00:03]} 25. Rxb7 {[%emt 0:00:00]} Be5 {[%emt 0:00:07]} 26. c3 {[%emt 0:00:03]} c4 {[%emt 0:00:05]} 27. Bd5+ {[%emt 0:00:02]} Kh8 {[%emt 0:00:03]} 28. Bxf8 {[%emt 0:00:01]} Bf4 {[%emt 0:00:05]} 29. Bxc4 {[%emt 0:00:06] Zeit (Lag: Av=0.89s, max=1.1s)} 1-0